书目信息 |
| 题名: |
人体解剖学实验指导
|
|
| 作者: | 梁邦领 , 郭新庆 主编 | |
| 分册: | ||
| 出版信息: | 北京 北京大学医学出版社 2006 |
|
| 页数: | 130页 | |
| 开本: | 26cm | |
| 丛书名: | ||
| 单 册: | ||
| 中图分类: | R322-33 | |
| 科图分类: | ||
| 主题词: | 人体解剖学--实验--医学院校--教学参考资料 , 人体解剖学 | |
| 电子资源: | ||
| ISBN: | 7-81116-050-1 | |
| 000 | 00849nam0 2200241 450 | |
| 001 | 003320983 | |
| 005 | 20070803144643.54 | |
| 010 | @a7-81116-050-1@dCNY15.90 | |
| 100 | @a20060529d2006 em y0chiy0110 ea | |
| 101 | 0 | @achi |
| 102 | @aCN@b110000 | |
| 105 | @aa z 000yy | |
| 200 | 1 | @a人体解剖学实验指导@9ren ti jie pou xue shi yan zhi dao@f梁邦领,郭新庆主编 |
| 210 | @a北京@c北京大学医学出版社@d2006 | |
| 215 | @a130页@c图@d26cm | |
| 330 | @a全书分为两大部分,第一部分是系统解剖学实验,第二部分是局部解剖学观察及操作。其中第一部分安排了二十六次实验。第二部分安排了七次实验。 | |
| 606 | 0 | @a人体解剖学@x实验@x医学院校@j教学参考资料 |
| 606 | 0 | @a人体解剖学 |
| 690 | @aR322-33@v4 | |
| 701 | 0 | @a梁邦领@9liang bang ling@4主编 |
| 701 | 0 | @a郭新庆@9guo xin qing@c(医学教育)@4主编 |
| 801 | 0 | @aCN@bNLC@c20070803 |
| 905 | @a10447@dR322-33@e191 | |
| 人体解剖学实验指导/梁邦领,郭新庆主编.-北京:北京大学医学出版社,2006 |
| 130页:图;26cm |
| ISBN 7-81116-050-1:CNY15.90 |
| 全书分为两大部分,第一部分是系统解剖学实验,第二部分是局部解剖学观察及操作。其中第一部分安排了二十六次实验。第二部分安排了七次实验。 |
| ● |
| 相关链接 |
|
|
|
|
正题名:人体解剖学实验指导
索取号:R322-33/191
 
预约/预借
| 序号 | 登录号 | 条形码 | 馆藏地/架位号 | 状态 | 备注 |
| 1 | 0802032 | 208020327 | 第二样本阅览室/ [索取号:R322-33/191] | 在馆 | |
| 2 | 0802033 | 208020336 | 教育系资料室/ [索取号:R322-33/191] | 在馆 | |
| 3 | 0802034 | 208020345 | 教育系资料室/ [索取号:R322-33/191] | 在馆 | |
| 4 | 0802035 | 208020354 | 教育系资料室/ [索取号:R322-33/191] | 在馆 | |
| 5 | 0802036 | 208020363 | 第三借阅区/ [索取号:R322-33/191] | 在馆 | |
| 6 | 0802037 | 208020372 | 第三借阅区/ [索取号:R322-33/191] | 在馆 | |
| 7 | 0802038 | 208020381 | 教育系资料室/ [索取号:R322-33/191] | 在馆 | |
| 8 | 0802039 | 208020390 | 第三借阅区/ [索取号:R322-33/191] | 在馆 | |
| 9 | 0802040 | 208020407 | 第三借阅区/ [索取号:R322-33/191] | 在馆 | |
| 10 | 0802041 | 208020416 | 教育系资料室/ [索取号:R322-33/191] | 在馆 |